Úroková miera a hypotekárne úvery bakalárska práca
Saved in:
| Main Author: | |
|---|---|
| Corporate Author: | |
| Other Authors: | |
| Format: | Book |
| Language: | Slovak |
| Published: |
Bratislava
2014
|
| Tags: |
No Tags, Be the first to tag this record!
|
MARC
| LEADER | 00000nbm a2200000 4500 | ||
|---|---|---|---|
| 001 | 0189903 | ||
| 005 | 20170201112831.8 | ||
| 041 | 0 | |a slo | |
| 044 | |a SK | ||
| 245 | 1 | 0 | |a Úroková miera a hypotekárne úvery |b bakalárska práca |c Michal Kuruc ; školiteľ: Ingrid Ondrejková Krčová |
| 264 | 1 | |a Bratislava |c 2014 | |
| 300 | |a 39 s. | ||
| 100 | 1 | |a Kuruc, Michal | |
| 700 | 1 | |a Ondrejková Krčová, Ingrid, 1969- | |
| 710 | 2 | |a Fakulta hospodárskej informatiky EU. Katedra matematiky a aktuárstva | |